000 02000nam a2200325 a 4500
003 CBULib
005 20250221094501.0
008 161102s2013 ||||||||||||||||| || u
020 _a9780230761360
040 _bEnglish
_cCBULib
_erda
050 _aHD 31 Gov
100 _aGovindarajan, Vijay
_94429
_eauthor
245 1 1 _aHow Stella saved the farm : a tale about making innovation happen
_c/ by Vijay Govindarajan and Chris Trimble ; illustrated by Keny Widjaja.
260 _aNew York :
_bMacmillan,
_c2013
300 _a160 pages : illusterations
336 _2rdacontent
_aText |
_btxt
337 _2rdamedia
_aUnmediated |
_bn
338 _2rdacarrier
_aVolume
_bnc
500 _aInspired by George Orwell's Animal Farm and the international bestseller Our Iceberg is Melting, How Stella Saved the Farm is a simple parable about embracing change and managing innovation in difficult times. Bankruptcy, or the grim prospect of being acquired by a hostile human competitor, threatens Windsor Farm. But when a young sheep called Stella comes up with a bold idea, will the other animals be able to respond to her ambitious call to action? Grounded in over a decade of academic research, How Stella Saved the Farm will resonate for organizations of all types, from global corporations to small companies looking to embrace change. With eight simple lessons to guide new initiatives to success, it prepares readers to avoid some of innovation's most toxic myths, how to build the right kind of team, and how to take their business to the next level in a fast-changing world.
650 0 _aCREATIVE THINKING
_94432
650 0 _aSTRATEGIC PLANNING
_93059
650 0 _aDIFFUSION OF INNOVATIONS
_955
650 0 _aTECHNOLOGICAL INNOVATIONS--MANAGEMENT
_94433
650 0 _aMANAGEMENT
_9412
650 0 _aORGANIZATIONAL CHANGE
_94434
650 0 _aORGANIZATIONAL INNOVATION
_94435
700 _aTrimble, Chris
_94430
_eauthor
700 _aWidjaja, Keny
_94431
_eillustrator
942 _2lcc
_c002
999 _c31711
_d31711